Normal view
MARC view
- War of 1965
Entry Topical Term
001 - CONTROL NUMBER
- control field: 110862
003 - CONTROL NUMBER IDENTIFIER
- control field: NUST
005 - DATE AND TIME OF LATEST TRANSACTION
- control field: 20230321124917.0
008 - FIXED-LENGTH DATA ELEMENTS
- fixed length control field: 230321|| aca||aabn | a|a d
040 ## - CATALOGING SOURCE
- Original cataloging agency: NUST
- Transcribing agency: NUST
150 ## - HEADING--TOPICAL TERM
- Topical term or geographic name entry element: War of 1965
670 ## - SOURCE DATA FOUND
- Source citation: Work cat.: (NUST)188028: Siddiqui, Mohammad Ismail 109550, Sipahi Ka Khawab
